| 000 | 00378pab a2200133 454500 | ||
|---|---|---|---|
| 008 | 180718b xxu||||| |||| 00| 0 eng d | ||
| 100 | _aAyee Joseph R.A. | ||
| 245 | _aRegionalisation in Ghana: an overview | ||
| 362 | _a40(1), Jan-Mar 1994, p.47-56 | ||
| 650 | _aRegionalism -- Ghana | ||
| 650 | _aRegionalism | ||
| 773 | _aIndian Journal of Public Administration | ||
| 909 | _a27586 | ||
| 999 |
_c27586 _d27586 |
||